Anorganické názvosloví - triviální názvy - Statistics

General Stats
  • This quiz has been taken 10 times
  • The average score is 6 of 15
Answer Stats
Vzorec Triviální název % Correct
O₃ ozon
88%
H₂O₂ peroxid vodíku
75%
NaCl halit
50%
Be₃Al₂(SiO₃)₆ beryl
38%
NaNO₃ chilský ledek
38%
KCN cyankály
38%
Na₂SO₄•10H₂O Glauberova sůl
38%
Ca(OH)₂ hašené vápno
38%
NaHCO₃ jedlá soda
38%
CaO pálené vápno
38%
K₂CO₃ potaš
38%
KCl sylvín
38%
NH₄NO₃ amonný ledek
25%
KNO₃ draselný ledek
25%
Na₂CO₃ soda
25%
No matching quizzes found
Score Distribution
Percent of People with Each Score
Percentile by Number Answered
Your Score History
You have not taken this quiz